00566nam a2200229Ia 450000500170000000800460001702000180006303700100008104000080009104000080009904000080010704100080011504100080012308400080013110000230013924500550016225000060021726000080022326000090023165000350024085600610027520260306172721.0008 260114s9999 xx 000 0 eng d a9789387472860 aEBOOK aCRL beng cCRL 2eng aeng qCRL aSoni, Vidwan Singh 0aMechanics (Based On Cbcs Pattern) - Fourth Edition a4 bPHI c2019 aFaculty of Technology/ Physics uhttps://elibrary.phindia.com/ebooks/reader/9789387472860